[Event "Oberliga Wuerttemberg 1314"]
[Site "Wuerttemberg"]
[Date "2013.11.24"]
[Round "3.6"]
[White "Gabriel, Josef"]
[Black "Eichhorn, Markus"]
[Result "1-0"]
[WhiteElo "2005"]
[BlackElo "1827"]
[PlyCount "107"]
[EventDate "2013.10.13"]
[EventType "team-tourn"]
[EventRounds "9"]
[EventCountry "GER"]
[SourceTitle "EXT 2019"]
[Source "ChessBase"]
[SourceDate "2018.10.10"]
[SourceVersion "1"]
[SourceVersionDate "2018.10.10"]
[SourceQuality "1"]
[WhiteTeam "Stuttgart SF II"]
[BlackTeam "Jedesheim"]
[WhiteTeamCountry "GER"]
[BlackTeamCountry "GER"]

1. e4 c6 2. d3 d5 3. Nd2 dxe4 4. dxe4 g6 5. Ngf3 Bg7 6. Bc4 e5 7. 0-0 Ne7 8. a4 0-0 9. Qe2 b6 10. Rd1 h6 11. h3 Qc7 12. Nf1 a5 13. b3 Ba6 14. Ba3 Bxc4 15. Qxc4 c5 16. Ne3 Nbc6 17. c3 Rfd8 18. Nh4 Rxd1+ 19. Rxd1 Rd8 20. Rxd8+ Qxd8 21. Bc1 Bf6 22. Nf3 Kg7 23. Kh2 Qd6 24. Ng4 h5 25. Nxf6 Qxf6 26. Qa6 Nb8 27. Qb5 Qc6 28. Nxe5 Qxe4 29. Nc4 Nf5 30. Bg5 f6 31. Qxb6 fxg5 32. Qxb8 g4 33. hxg4 Qxg4 34. Qe5+ Kh7 35. Qxc5 Qf4+ 36. g3 Qf3 37. Ne5 Qe2 38. b4 axb4 39. cxb4 Qe4 40. Qc7+ Ng7 41. Qd6 h4 42. Qxg6+ Qxg6 43. Nxg6 hxg3+ 44. fxg3 Kxg6 45. a5 Ne8 46. a6 Nc7 47. a7 Kf5 48. Kh3 Kg5 49. g4 Na8 50. Kg3 Nb6 51. Kf3 Na8 52. Ke4 Nc7 53. b5 Na8 54. Kd5 1-0

[Event "Augsburg Afro op"]
[Site "Augsburg"]
[Date "1997.??.??"]
[Round "7"]
[White "Eichhorn, Markus"]
[Black "Dreyer, Andre"]
[Result "0-1"]
[WhiteElo "1805"]
[BlackElo "2160"]
[PlyCount "150"]
[EventDate "1997.??.??"]
[EventType "swiss"]
[EventRounds "7"]
[EventCountry "GER"]
[SourceTitle "EXT 2006"]
[Source "ChessBase"]
[SourceDate "2005.11.24"]
[SourceVersion "1"]
[SourceVersionDate "2005.11.24"]
[SourceQuality "1"]

1. d4 Nf6 2. Nf3 g6 3. Bg5 Bg7 4. Nbd2 d5 5. e3 0-0 6. Bd3 c5 7. c3 Bf5 8. Qc2 Bxd3 9. Qxd3 Qb6 10. Qc2 Nc6 11. Qb3 Qa6 12. Bxf6 Bxf6 13. Qxd5 cxd4 14. exd4 e5 15. dxe5 Bxe5 16. Qc4 b5 17. Qh4 b4 18. Qc4 Qxc4 19. Nxc4 Bf6 20. 0-0 bxc3 21. bxc3 Rfd8 22. Rfd1 Bxc3 23. Rac1 Nb4 24. Rxd8+ Rxd8 25. a3 Na2 26. Rb1 Rc8 27. Nd6 Rc6 28. Nb5 a6 29. Nxc3 Rxc3 30. Kf1 Rxa3 31. Ra1 Ra4 32. Ke1 Re4+ 33. Kd2 Nb4 34. Ra4 Rc4 35. Ne5 Rc2+ 36. Kd1 Rc5 37. f4 Rd5+ 38. Ke2 a5 39. Nc4 Nc6 40. Ke3 Kf8 41. g4 Ke7 42. h4 Rb5 43. Ra2 Ke6 44. Ra1 Kd5 45. Nd2 Rb4 46. h5 a4 47. hxg6 hxg6 48. Rc1 Rd4 49. Rxc6 Rxd2 50. Ra6 Ra2 51. Kd3 Ra1 52. Kc2 Rg1 53. Rxa4 Rg2+ 54. Kd1 Rxg4 55. Ra2 Ke4 56. Ra4+ Kf3 57. Ke1 Rxf4 58. Ra3+ Kg4 59. Ke2 f5 60. Ra6 g5 61. Ra3 Re4+ 62. Kf2 f4 63. Ra2 Rb4 64. Rc2 Rb5 65. Ra2 Kf5 66. Kg2 g4 67. Rc2 Kg5 68. Ra2 Kh4 69. Rc2 f3+ 70. Kf2 Re5 71. Rc1 Re2+ 72. Kg1 g3 73. Rb1 Kh3 74. Rc1 f2+ 75. Kf1 Re1+ 0-1

[Event "Augsburg Afro op"]
[Site "Augsburg"]
[Date "1997.??.??"]
[Round "6"]
[White "Reichardt, Peter"]
[Black "Eichhorn, Markus"]
[Result "0-1"]
[WhiteElo "1720"]
[BlackElo "1805"]
[PlyCount "66"]
[EventDate "1997.??.??"]
[EventType "swiss"]
[EventRounds "7"]
[EventCountry "GER"]
[SourceTitle "EXT 2006"]
[Source "ChessBase"]
[SourceDate "2005.11.24"]
[SourceVersion "1"]
[SourceVersionDate "2005.11.24"]
[SourceQuality "1"]

1. d4 d5 2. Nf3 Nf6 3. Bf4 e6 4. e3 c5 5. c3 Nc6 6. Bd3 Be7 7. Nbd2 0-0 8. Qc2 cxd4 9. exd4 a6 10. Ne5 h6 11. Ndf3 Nd7 12. Nxd7 Bxd7 13. a4 Rc8 14. Qe2 b5 15. g3 Re8 16. Kf1 Bf6 17. Ne5 Bxe5 18. dxe5 f5 19. Kg2 Qe7 20. Rhd1 d4 21. Rac1 dxc3 22. bxc3 Na5 23. c4 Nxc4 24. Bxc4 bxc4 25. Qd2 Bc6+ 26. Kh3 Red8 27. Qc3 Bd5 28. Qa5 Qc5 29. Qxc5 Rxc5 30. Rc3 Bg2+ 31. Kxg2 Rxd1 32. Be3 Rc6 33. f4 Rd3 0-1